[Event "Katowice POL-HUN 5th"]
[Site "Katowice"]
[Date "2017.05.21"]
[Round "9"]
[White "Kucza, Karol"]
[Black "Banasik, Henryk"]
[Result "1-0"]
[WhiteElo "2278"]
[BlackElo "1833"]
[PlyCount "89"]
[EventDate "2017.05.20"]
[EventType "swiss (rapid)"]
[EventRounds "9"]
[EventCountry "POL"]
[SourceTitle "CBM 178 Extra"]
[Source "ChessBase"]
[SourceDate "2017.06.22"]
[SourceVersion "1"]
[SourceVersionDate "2017.06.22"]
[SourceQuality "1"]

1. e4 c5 2. Nf3 Nc6 3. d4 cxd4 4. Nxd4 Nf6 5. Nc3 e5 6. Ndb5 d6 7. Bg5 a6 8. Na3 b5 9. Bxf6 gxf6 10. Nd5 f5 11. Bd3 Be6 12. 0-0 Bg7 13. Qh5 f4 14. c4 b4 15. Nc2 Rb8 16. b3 0-0 17. Rad1 a5 18. g3 Qd7 19. f3 fxg3 20. hxg3 Ne7 21. Nce3 Bxd5 22. Nxd5 Nxd5 23. cxd5 Rbc8 24. Bc4 a4 25. Kg2 axb3 26. axb3 Ra8 27. Ra1 Qb7 28. Qg5 Qb6 29. Qd2 Qd4 30. Qxd4 exd4 31. Kf2 f5 32. exf5 Rxa1 33. Rxa1 d3 34. Ra2 Bd4+ 35. Kg2 Rxf5 36. Bxd3 Re5 37. Ra8+ Kg7 38. Rb8 Re3 39. Rb7+ Kf6 40. Bxh7 Rxb3 41. f4 Bc5 42. g4 Rb2+ 43. Kf3 Rb3+ 44. Kg2 Rb2+ 45. Kh1 1-0

[Event "Katowice POL-HUN 5th"]
[Site "Katowice"]
[Date "2017.05.21"]
[Round "8"]
[White "Rzeszowski, Dominik"]
[Black "Banasik, Henryk"]
[Result "0-1"]
[WhiteElo "1932"]
[BlackElo "1833"]
[PlyCount "110"]
[EventDate "2017.05.20"]
[EventType "swiss (rapid)"]
[EventRounds "9"]
[EventCountry "POL"]
[SourceTitle "CBM 178 Extra"]
[Source "ChessBase"]
[SourceDate "2017.06.22"]
[SourceVersion "1"]
[SourceVersionDate "2017.06.22"]
[SourceQuality "1"]

1. e4 c5 2. Nc3 e6 3. f4 a6 4. g3 d5 5. e5 Ne7 6. Bg2 Nf5 7. d3 Nc6 8. Nf3 h5 9. Qe2 Be7 10. Qf2 b5 11. h3 Ncd4 12. 0-0 Bb7 13. Nxd4 cxd4 14. Ne2 Qc7 15. c3 dxc3 16. bxc3 Bc5 17. d4 Be7 18. Bd2 g6 19. Rfb1 Bc6 20. Nc1 Rc8 21. Nd3 h4 22. g4 Ng3 23. Nb4 Bb7 24. a4 Ne4 25. Bxe4 dxe4 26. Qe3 Qc4 27. axb5 axb5 28. Kf2 0-0 29. f5 exf5 30. gxf5 Bxb4 31. Rxb4 Qd3 32. Qxd3 exd3 33. Rxb5 Be4 34. f6 Kh7 35. Ke3 Bf5 36. Rc1 g5 37. Rg1 Rg8 38. Kf3 Bxh3 39. Rxg5 Rxg5 40. Bxg5 Rxc3 41. Ke3 Bf5 42. Rc5 d2+ 43. Kxd2 Rd3+ 44. Ke2 Rxd4 45. Ke3 Re4+ 46. Kf3 Kg6 47. Bf4 Ra4 48. Rb5 Ra3+ 49. Be3 h3 50. Rb2 Be6 51. Kf4 Ra4+ 52. Kg3 Rg4+ 53. Kf3 Kf5 54. Re2 Bd5+ 55. Kf2 Rg2+ 0-1

[Event "Katowice POL-HUN 5th"]
[Site "Katowice"]
[Date "2017.05.20"]
[Round "4"]
[White "Banasik, Henryk"]
[Black "Mandla, Maciej"]
[Result "0-1"]
[WhiteElo "1833"]
[BlackElo "1599"]
[PlyCount "57"]
[EventDate "2017.05.20"]
[EventType "swiss (rapid)"]
[EventRounds "9"]
[EventCountry "POL"]
[SourceTitle "CBM 178 Extra"]
[Source "ChessBase"]
[SourceDate "2017.06.22"]
[SourceVersion "1"]
[SourceVersionDate "2017.06.22"]
[SourceQuality "1"]

1. e4 d6 2. c4 c5 3. Nc3 Nf6 4. h3 g6 5. Nge2 Nc6 6. d3 Bg7 7. Be3 0-0 8. Qd2 Re8 9. g4 a6 10. Bg2 Rb8 11. f4 b5 12. e5 b4 13. Nd1 Nxe5 14. fxe5 dxe5 15. Nf2 Qc7 16. Ne4 Nxe4 17. dxe4 Rd8 18. Qc2 e6 19. 0-0 f5 20. Rad1 Rf8 21. Bf3 Qe7 22. Qd2 f4 23. Bf2 Rb6 24. b3 Bf6 25. Nc1 Bb7 26. Qd7 Rd8 27. Qxe7 Bxe7 28. Rxd8+ Bxd8 29. Bxc5 0-1

[Event "Polanica Zdroj op-C 52nd"]
[Site "Polanica Zdroj"]
[Date "2016.08.28"]
[Round "6"]
[White "Banasik, Henryk"]
[Black "Tomalak, Stanislaw"]
[Result "1-0"]
[WhiteElo "1903"]
[BlackElo "1675"]
[PlyCount "77"]
[EventDate "2016.08.20"]
[EventType "swiss"]
[EventRounds "9"]
[EventCountry "POL"]
[SourceTitle "CBM 174 Extra"]
[Source "ChessBase"]
[SourceDate "2016.10.10"]
[SourceVersion "1"]
[SourceVersionDate "2016.10.10"]
[SourceQuality "1"]

1. e4 e5 2. Nf3 Nc6 3. Bb5 a6 4. Ba4 Nf6 5. d4 exd4 6. 0-0 Be7 7. Re1 b5 8. Bb3 d6 9. Bd5 Nxd5 10. exd5 Ne5 11. Nxd4 Bd7 12. a4 0-0 13. Nc3 bxa4 14. f4 c5 15. dxc6 Nxc6 16. Nd5 Re8 17. Ra3 Bh4 18. Rxe8+ Bxe8 19. Nf5 Ne7 20. Nfxe7+ Bxe7 21. Be3 Bf8 22. Bd4 Bc6 23. Nf6+ Kh8 24. Qh5 gxf6 25. Rh3 h6 26. Qxf7 Bg7 27. Rxh6+ Bxh6 28. Bxf6+ Qxf6 29. Qxf6+ Bg7 30. Qxd6 Bb5 31. c4 Be8 32. f5 Bxb2 33. Qf8+ Kh7 34. f6 Kg6 35. f7 Bd4+ 36. Kh1 Bxf7 37. Qxa8 a5 38. Qxa5 Be8 39. Qd8 1-0

[Event "Tarnowskie Gory Piasta Memorial 8th"]
[Site "Tarnowskie Gory"]
[Date "2010.08.01"]
[Round "3"]
[White "Gola, Karol"]
[Black "Banasik, Henryk"]
[Result "1/2-1/2"]
[WhiteElo "2212"]
[BlackElo "2104"]
[PlyCount "34"]
[EventDate "2010.07.31"]
[EventType "swiss"]
[EventRounds "10"]
[EventCountry "POL"]
[SourceTitle "EXT 2011"]
[Source "ChessBase"]
[SourceDate "2010.11.26"]
[SourceVersion "1"]
[SourceVersionDate "2010.11.26"]
[SourceQuality "1"]

1. e4 c5 2. Nf3 a6 3. c3 d5 4. exd5 Qxd5 5. d4 Nf6 6. Be2 cxd4 7. cxd4 e6 8. Nc3 Qd6 9. 0-0 Nc6 10. Bg5 Be7 11. Bh4 0-0 12. Bg3 Qd8 13. Rc1 Nh5 14. Qd2 Nxg3 15. hxg3 Nb4 16. Rfd1 Nd5 17. Nxd5 exd5 1/2-1/2

[Event "Tarnowskie Gory Piasta Memorial 8th"]
[Site "Tarnowskie Gory"]
[Date "2010.07.31"]
[Round "2"]
[White "Banasik, Henryk"]
[Black "Korzonek, Marek"]
[Result "1-0"]
[WhiteElo "2104"]
[BlackElo "1776"]
[PlyCount "159"]
[EventDate "2010.07.31"]
[EventType "swiss"]
[EventRounds "10"]
[EventCountry "POL"]
[SourceTitle "EXT 2011"]
[Source "ChessBase"]
[SourceDate "2010.11.26"]
[SourceVersion "1"]
[SourceVersionDate "2010.11.26"]
[SourceQuality "1"]

1. e4 d5 2. exd5 Qxd5 3. Nf3 c6 4. d4 g6 5. c4 Qa5+ 6. Nc3 Bg7 7. Be2 Nf6 8. 0-0 0-0 9. Bf4 Bg4 10. Qb3 Bc8 11. c5 Nh5 12. Be5 Nd7 13. Bxg7 Nxg7 14. Rfe1 Nf6 15. Bc4 Qd8 16. Ng5 e6 17. Rad1 Nd5 18. Nf3 Qc7 19. Ne4 Ne8 20. g3 Kg7 21. Qd3 Nef6 22. Nxf6 Nxf6 23. Ne5 Bd7 24. Qd2 Rad8 25. h4 Bc8 26. Kg2 h5 27. Qf4 Qe7 28. f3 Nd5 29. Qe4 f5 30. Qd3 Qf6 31. f4 Rfe8 32. Nf3 a6 33. Re5 Re7 34. Rde1 Rde8 35. Ng5 Nb4 36. Qe2 Nd5 37. Bxd5 cxd5 38. Qc2 Rc7 39. b4 Bd7 40. a4 b5 41. axb5 axb5 42. Ra1 Qd8 43. Ra6 Qc8 44. Qa2 Re7 45. Qa5 Kf6 46. Kh2 Qb7 47. Rb6 Qc8 48. Qa6 Bc6 49. Qxc8 Rxc8 50. Ra6 Rcc7 51. Re2 Re8 52. Rea2 Rec8 53. Ra7 Ke7 54. R2a6 Bd7 55. Nf3 Kf6 56. Ne5 Be8 57. Ra8 Rxa8 58. Rxa8 Ke7 59. Kg1 Rb7 60. Kf2 Rc7 61. Ke1 Rb7 62. Kd2 Rc7 63. Kc1 Rb7 64. Kb2 Rc7 65. Rb8 Ra7 66. c6 Rc7 67. Rxb5 Bxc6 68. Rc5 Kd6 69. Rxc6+ Rxc6 70. Nxc6 Kxc6 71. Ka3 Kb5 72. Kb3 Kb6 73. Ka4 Ka6 74. b5+ Kb6 75. Kb4 Kc7 76. Kc5 Kb7 77. Kd6 Kb6 78. Kxe6 Kxb5 79. Kxd5 Kb6 80. Kd6 1-0

[Event "Chorzow op 45th"]
[Site "Chorzow"]
[Date "2009.04.05"]
[Round "9"]
[White "Banasik, Henryk"]
[Black "Fraczek, Leslaw"]
[Result "1-0"]
[WhiteElo "2121"]
[BlackElo "1908"]
[PlyCount "83"]
[EventDate "2009.03.28"]
[EventType "swiss"]
[EventRounds "9"]
[EventCountry "POL"]
[SourceTitle "CBM 129 Extra"]
[Source "ChessBase"]
[SourceDate "2009.05.05"]
[SourceVersion "2"]
[SourceVersionDate "2009.05.20"]
[SourceQuality "1"]

1. e4 e5 2. Nf3 Nc6 3. Bb5 a6 4. Ba4 Nf6 5. d4 Nxe4 6. Qe2 f5 7. d5 Ne7 8. Nxe5 g6 9. c4 Bg7 10. f4 0-0 11. 0-0 d6 12. Nf3 h6 13. Nbd2 Nc5 14. Bc2 Re8 15. Qf2 b5 16. Nb3 Ne4 17. Qe2 bxc4 18. Qxc4 Nf6 19. Nbd4 Nexd5 20. Nc6 Qd7 21. Bd2 Kh7 22. Ncd4 Nb6 23. Qb3 Nfd5 24. a4 a5 25. Rfe1 Ba6 26. Bxa5 Bc4 27. Qa3 Rxa5 28. Rxe8 Qxe8 29. Re1 Qd7 30. b3 c5 31. Nxf5 gxf5 32. bxc4 Nb4 33. Ng5+ Kg8 34. Bb1 Nc6 35. Ne6 Nd4 36. Qh3 Nxe6 37. Bxf5 Nxf4 38. Qg4 Qd8 39. Qxf4 Rxa4 40. Bg6 Ra1 41. Rxa1 Bxa1 42. Qf7+ 1-0

[Event "Chorzow op 45th"]
[Site "Chorzow"]
[Date "2009.04.01"]
[Round "5"]
[White "Banasik, Henryk"]
[Black "Rychlik, Bogdan"]
[Result "1-0"]
[WhiteElo "2121"]
[BlackElo "1927"]
[PlyCount "53"]
[EventDate "2009.03.28"]
[EventType "swiss"]
[EventRounds "9"]
[EventCountry "POL"]
[SourceTitle "CBM 129 Extra"]
[Source "ChessBase"]
[SourceDate "2009.05.05"]
[SourceVersion "2"]
[SourceVersionDate "2009.05.20"]
[SourceQuality "1"]

1. e4 c5 2. Nf3 a6 3. c4 Nc6 4. d4 cxd4 5. Nxd4 Nf6 6. Nc3 e6 7. Nxc6 dxc6 8. Qxd8+ Kxd8 9. e5 Nd7 10. Bf4 Bb4 11. 0-0-0 Bxc3 12. bxc3 Kc7 13. Be2 h6 14. h4 b5 15. Rh3 Bb7 16. h5 Nc5 17. Rd4 Na4 18. Rg3 Rhg8 19. Bd2 Rac8 20. Rdg4 Rgd8 21. Rxg7 Rd7 22. Rf3 Rf8 23. Rd3 Nc5 24. Rd4 f5 25. Rgxd7+ Nxd7 26. Bxh6 Kc8 27. Rxd7 1-0

[Event "Tarnowskie Gory Piasta Memorial 6th"]
[Site "Tarnowskie Gory"]
[Date "2008.07.30"]
[Round "7.3"]
[White "Andrae, Dirk"]
[Black "Banasik, Henryk"]
[Result "0-1"]
[WhiteElo "2110"]
[BlackElo "2148"]
[PlyCount "84"]
[EventDate "2008.07.26"]
[EventType "swiss"]
[EventRounds "10"]
[EventCountry "POL"]
[SourceTitle "EXT 2023"]
[Source "ChessBase"]
[SourceDate "2022.10.05"]
[SourceVersion "1"]
[SourceVersionDate "2022.10.05"]
[SourceQuality "1"]

1. e4 c5 2. Nf3 a6 3. d3 Nc6 4. g3 g6 5. Bg2 Bg7 6. 0-0 d6 7. Re1 Qc7 8. Nc3 e6 9. a4 Rb8 10. Be3 Nd4 11. Qd2 b5 12. axb5 axb5 13. Rec1 b4 14. Bxd4 cxd4 15. Ne2 Bh6 16. Nf4 e5 17. Nd5 Qd8 18. Qe1 Bxc1 19. Rxc1 Nf6 20. Nxb4 Qb6 21. c3 0-0 22. Qd2 Kg7 23. Nh4 h6 24. Kh1 Ng4 25. Rf1 f5 26. h3 Nf6 27. f4 fxe4 28. fxe5 dxe5 29. dxe4 Nxe4 30. Qd3 Rxf1+ 31. Kh2 dxc3 32. Bxf1 Qf2+ 33. Bg2 Rxb4 34. Qd8 Qxg3+ 35. Kh1 Nf2+ 36. Kg1 Nxh3+ 37. Kh1 Qxh4 38. Qc7+ Kf6 39. Qd8+ Kf7 40. Qc7+ Qe7 41. Qxc8 cxb2 42. Bd5+ Kf6 0-1

[Event "Tarnowskie Gory Piasta Memorial 6th"]
[Site "Tarnowskie Gory"]
[Date "2008.07.27"]
[Round "4.7"]
[White "Banasik, Henryk"]
[Black "Smieja, Adam"]
[Result "1/2-1/2"]
[WhiteElo "2148"]
[BlackElo "1846"]
[PlyCount "50"]
[EventDate "2008.07.26"]
[EventType "swiss"]
[EventRounds "10"]
[EventCountry "POL"]
[SourceTitle "EXT 2023"]
[Source "ChessBase"]
[SourceDate "2022.10.05"]
[SourceVersion "1"]
[SourceVersionDate "2022.10.05"]
[SourceQuality "1"]

1. e4 c5 2. Nf3 d6 3. d4 cxd4 4. Nxd4 Nf6 5. Nc3 g6 6. Be3 Bg7 7. f3 0-0 8. Bc4 Nc6 9. Qd2 Nxd4 10. Bxd4 Qa5 11. 0-0-0 Be6 12. Bxe6 fxe6 13. Kb1 Rfc8 14. Nd5 Qxd2 15. Nxf6+ Bxf6 16. Rxd2 Bxd4 17. Rxd4 e5 18. Rd5 Rc7 19. b3 Rc3 20. Re1 Rac8 21. Re2 Kf7 22. Kb2 Ke6 23. a4 g5 24. Rd1 h6 25. Rf1 R8c7 1/2-1/2

[Event "Tarnowskie Gory Piasta Memorial 6th"]
[Site "Tarnowskie Gory"]
[Date "2008.07.27"]
[Round "3.9"]
[White "Krzempek, Krystian"]
[Black "Banasik, Henryk"]
[Result "0-1"]
[WhiteElo "1749"]
[BlackElo "2148"]
[PlyCount "102"]
[EventDate "2008.07.26"]
[EventType "swiss"]
[EventRounds "10"]
[EventCountry "POL"]
[SourceTitle "EXT 2023"]
[Source "ChessBase"]
[SourceDate "2022.10.05"]
[SourceVersion "1"]
[SourceVersionDate "2022.10.05"]
[SourceQuality "1"]

1. d4 Nf6 2. Bg5 Ne4 3. Bf4 c5 4. f3 Nf6 5. d5 Qb6 6. Nc3 Qxb2 7. Bd2 Qb6 8. e4 d6 9. Bb5+ Nbd7 10. Rb1 Qc7 11. Qc1 g6 12. Qa3 Bg7 13. Be2 0-0 14. Nb5 Qb8 15. c4 e6 16. dxe6 fxe6 17. Qd3 a6 18. Nc3 Ne5 19. Qc2 Nc6 20. Be3 Nd7 21. Nh3 Nd4 22. Bxd4 cxd4 23. Nd1 Nc5 24. Nhf2 Qc7 25. Nd3 e5 26. Nxc5 Qxc5 27. Nf2 Bh6 28. 0-0 Be3 29. Kh1 Bxf2 30. Rxf2 Rf7 31. Bd3 Be6 32. Qa4 Bd7 33. Qb4 Qxb4 34. Rxb4 Bc6 35. Rb1 g5 36. Rbf1 Kg7 37. h3 h5 38. Kg1 Raf8 39. a3 Ra8 40. Rb2 Kh6 41. Rbf2 Raf8 42. Rb2 g4 43. hxg4 hxg4 44. fxg4 Rxf1+ 45. Bxf1 Bxe4 46. Rf2 Rxf2 47. Kxf2 Kg5 48. Be2 Bc6 49. g3 e4 50. Bd1 e3+ 51. Ke1 d3 0-1

[Event "Pszczyna op 4th"]
[Site "Pszczyna"]
[Date "2008.07.18"]
[Round "7"]
[White "Banasik, Henryk"]
[Black "Wiewiora, Eneasz"]
[Result "0-1"]
[WhiteElo "2148"]
[BlackElo "1992"]
[PlyCount "50"]
[EventDate "2008.07.15"]
[EventType "swiss"]
[EventRounds "9"]
[EventCountry "POL"]
[SourceTitle "CBM 125 Extra"]
[Source "ChessBase"]
[SourceDate "2008.09.01"]
[SourceVersion "1"]
[SourceVersionDate "2008.09.01"]
[SourceQuality "1"]

1. e4 e5 2. Nf3 Nc6 3. Bb5 f5 4. Nc3 fxe4 5. Nxe4 d5 6. Nxe5 dxe4 7. Nxc6 Qg5 8. Qe2 Nf6 9. f4 Qxf4 10. d4 Qd6 11. Nxa7+ c6 12. Nxc8 Qb4+ 13. Bd2 Qxb5 14. c4 Qxb2 15. 0-0 Rxc8 16. Qe3 Bb4 17. Qh3 0-0 18. Be3 Bd2 19. Rfd1 Bxe3+ 20. Qxe3 Ng4 21. Qg3 Qf2+ 22. Qxf2 Nxf2 23. Rd2 e3 24. Re2 Rce8 25. Rb1 Nd3 0-1

[Event "Pszczyna op 4th"]
[Site "Pszczyna"]
[Date "2008.07.15"]
[Round "2"]
[White "Buchowski, Adam"]
[Black "Banasik, Henryk"]
[Result "0-1"]
[WhiteElo "1975"]
[BlackElo "2148"]
[PlyCount "74"]
[EventDate "2008.07.15"]
[EventType "swiss"]
[EventRounds "9"]
[EventCountry "POL"]
[SourceTitle "CBM 125 Extra"]
[Source "ChessBase"]
[SourceDate "2008.09.01"]
[SourceVersion "1"]
[SourceVersionDate "2008.09.01"]
[SourceQuality "1"]

1. d4 g6 2. e4 Bg7 3. Nc3 d6 4. Be2 a6 5. a4 Nd7 6. Be3 Ngf6 7. Qd2 e5 8. d5 Nc5 9. f3 0-0 10. b4 Ncd7 11. Bg5 h6 12. Bh4 Re8 13. g4 Nf8 14. Bf2 g5 15. h4 gxh4 16. Bxh4 Ng6 17. Bg3 Nh7 18. Nh3 Ng5 19. Nxg5 hxg5 20. Nd1 Nf4 21. Ne3 Bf6 22. Bc4 Kg7 23. Qh2 Rh8 24. Qxh8+ Qxh8 25. Rxh8 Kxh8 26. Bb3 Kg7 27. Kd2 Bd7 28. Rh1 b6 29. c4 a5 30. c5 bxc5 31. bxc5 Rb8 32. c6 Rxb3 33. cxd7 Rd3+ 34. Kc2 Rxe3 35. Rb1 Rxf3 36. Be1 Rf1 37. Kd2 Ng2 0-1

[Event "Chorzow op"]
[Site "Chorzow"]
[Date "2008.03.29"]
[Round "2"]
[White "Michalski, Edmund"]
[Black "Banasik, Henryk"]
[Result "1-0"]
[WhiteElo "1926"]
[BlackElo "2138"]
[PlyCount "95"]
[EventDate "2008.03.29"]
[EventType "swiss"]
[EventRounds "9"]
[EventCountry "POL"]
[SourceTitle "EXT 2010"]
[Source "ChessBase"]
[SourceDate "2010.11.25"]
[SourceVersion "1"]
[SourceVersionDate "2010.11.25"]
[SourceQuality "1"]

1. d4 Nf6 2. Nf3 g6 3. c4 Bg7 4. Nc3 0-0 5. e4 d6 6. Be2 e5 7. dxe5 dxe5 8. Qxd8 Rxd8 9. Bg5 c6 10. 0-0 Re8 11. Rfd1 h6 12. Be3 Na6 13. h3 Nh5 14. Rd2 Nf4 15. Bf1 g5 16. Rad1 Ne6 17. a3 c5 18. Nd5 Nd4 19. b4 Be6 20. b5 Bxd5 21. exd5 Nb8 22. Ra2 Nd7 23. a4 f5 24. Re1 e4 25. Nd2 Ne5 26. Bxd4 cxd4 27. Nb3 Nd3 28. Bxd3 exd3 29. Rxe8+ Rxe8 30. Rd2 Re1+ 31. Kh2 Be5+ 32. g3 f4 33. Rxd3 fxg3+ 34. fxg3 Re2+ 35. Kg1 Re3 36. Rxe3 dxe3 37. g4 b6 38. Kf1 Kf7 39. Ke2 Bf4 40. Nd4 Kf6 41. Nc6 Kf7 42. Nxa7 Ke8 43. Nc8 Bc7 44. Kxe3 Kd7 45. Na7 Bf4+ 46. Ke4 Kd6 47. Nc6 Kc5 48. Ne5 1-0

[Event "POL-chT3 Slaskie"]
[Site "Poland"]
[Date "2008.03.02"]
[Round "6.33"]
[White "Banasik, Henryk"]
[Black "Michalczyk, Stanislaw"]
[Result "1-0"]
[WhiteElo "2138"]
[BlackElo "2097"]
[PlyCount "61"]
[EventDate "2008.02.03"]
[EventType "team-swiss"]
[EventRounds "9"]
[EventCountry "POL"]
[SourceTitle "EXT 2019"]
[Source "ChessBase"]
[SourceDate "2018.10.10"]
[SourceVersion "1"]
[SourceVersionDate "2018.10.10"]
[SourceQuality "1"]

1. e4 d5 2. exd5 Qxd5 3. Nc3 Qa5 4. d4 Nf6 5. Bc4 Bg4 6. f3 Bd7 7. Nge2 Nc6 8. Bd2 Qb4 9. b3 e5 10. Nb5 Qe7 11. Nxc7+ Kd8 12. Nxa8 exd4 13. 0-0 Kc8 14. Bf4 Nh5 15. Bc7 Qc5 16. Ng3 b5 17. Ne4 Qf5 18. g4 Qg6 19. Bd3 f5 20. Ng3 Nxg3 21. Bxg3 h5 22. a4 Bd6 23. Bxf5 Bxf5 24. gxf5 Qg5 25. Qc1 Qf6 26. axb5 Ne5 27. Qe1 h4 28. Bxe5 Bxe5 29. Qe4 Qg5+ 30. Kh1 Bxh2 31. Rxa7 1-0

[Event "POL-chT3 Slaskie"]
[Site "Poland"]
[Date "2008.02.03"]
[Round "1.5"]
[White "Banasik, Henryk"]
[Black "Szmyd, Arkadiusz"]
[Result "1-0"]
[WhiteElo "2138"]
[BlackElo "2112"]
[PlyCount "75"]
[EventDate "2008.02.03"]
[EventType "team-swiss"]
[EventRounds "9"]
[EventCountry "POL"]
[SourceTitle "EXT 2019"]
[Source "ChessBase"]
[SourceDate "2018.10.10"]
[SourceVersion "1"]
[SourceVersionDate "2018.10.10"]
[SourceQuality "1"]

1. e4 e5 2. Nf3 Nc6 3. Bb5 a6 4. Ba4 Nf6 5. d4 b5 6. Bb3 Bd6 7. 0-0 Nxd4 8. Nxd4 exd4 9. Re1 Bc5 10. e5 0-0 11. Bg5 h6 12. Bh4 g5 13. exf6 Qxf6 14. Bg3 d6 15. Nd2 Bb7 16. Ne4 Qf5 17. Nxc5 Qxc5 18. Qd3 Bd5 19. Qf5 Bxb3 20. Qxc5 dxc5 21. axb3 Rfb8 22. Bxc7 Rb7 23. Be5 a5 24. f4 Ra6 25. fxg5 hxg5 26. Rf1 Kh7 27. Rf5 Kg6 28. Raf1 a4 29. Bf6 axb3 30. Rxg5+ Kh6 31. Rxc5 bxc2 32. Bxd4 Re6 33. Rxc2 Kg6 34. Rcf2 Rd7 35. Bc3 Rb7 36. Rf4 Rd7 37. h3 Re2 38. Rg4+ 1-0

[Event "Polanica Zdroj op-B 43rd"]
[Site "Polanica Zdroj"]
[Date "2007.08.18"]
[Round "2"]
[White "Banasik, Henryk"]
[Black "Gromada, Andrzej"]
[Result "1-0"]
[WhiteElo "2114"]
[BlackElo "2014"]
[PlyCount "55"]
[EventDate "2007.08.17"]
[EventType "swiss"]
[EventRounds "10"]
[EventCountry "POL"]
[SourceTitle "CBM 120 Extra"]
[Source "ChessBase"]
[SourceDate "2007.11.01"]
[SourceVersion "1"]
[SourceVersionDate "2007.11.01"]
[SourceQuality "1"]

1. e4 c6 2. d4 d5 3. exd5 cxd5 4. Bd3 Nf6 5. c3 Nc6 6. Bf4 Qb6 7. Qb3 Nd7 8. Nf3 e6 9. Nbd2 Qxb3 10. axb3 Be7 11. 0-0 0-0 12. b4 b6 13. b5 Na5 14. b4 Nb7 15. Ra2 Bd6 16. Bxd6 Nxd6 17. Rfa1 Bb7 18. Rxa7 Rxa7 19. Rxa7 Rc8 20. Nb1 f6 21. Kf1 e5 22. Bf5 Nxf5 23. Rxb7 exd4 24. Rxd7 dxc3 25. Nxc3 Rxc3 26. Rxd5 g6 27. Nd4 Rd3 28. Nxf5 1-0

[Event "Tarnowskie Gory Piasta Memorial 5th"]
[Site "Tarnowskie Gory"]
[Date "2007.08.07"]
[Round "9"]
[White "Czernicki, Bogdan"]
[Black "Banasik, Henryk"]
[Result "1/2-1/2"]
[WhiteElo "2094"]
[BlackElo "2114"]
[PlyCount "54"]
[EventDate "2007.07.28"]
[EventType "swiss"]
[EventRounds "10"]
[EventCountry "POL"]
[SourceTitle "EXT 2011"]
[Source "ChessBase"]
[SourceDate "2010.11.26"]
[SourceVersion "1"]
[SourceVersionDate "2010.11.26"]
[SourceQuality "1"]

1. d4 Nf6 2. f4 g6 3. Nf3 Bg7 4. e3 d6 5. b3 0-0 6. Bb2 c5 7. Be2 cxd4 8. exd4 Nc6 9. 0-0 Ng4 10. Qd2 Qb6 11. h3 Nf6 12. Na3 Ne4 13. Qe3 Ng3 14. Qd3 a5 15. Nc4 Qa7 16. Kh2 Nxe2 17. Qxe2 d5 18. Nce5 Bf5 19. Nxc6 bxc6 20. Ba3 Rfe8 21. Ne5 Qc7 22. g3 f6 23. Nf3 e5 24. fxe5 fxe5 25. dxe5 Bxe5 26. Nxe5 Qxe5 27. Qf2 Qe2 1/2-1/2

[Event "Tarnowskie Gory Piasta Memorial 5th"]
[Site "Tarnowskie Gory"]
[Date "2007.07.30"]
[Round "3"]
[White "Marek, Eugeniusz"]
[Black "Banasik, Henryk"]
[Result "1-0"]
[WhiteElo "1932"]
[BlackElo "2114"]
[PlyCount "137"]
[EventDate "2007.07.28"]
[EventType "swiss"]
[EventRounds "10"]
[EventCountry "POL"]
[SourceTitle "EXT 2011"]
[Source "ChessBase"]
[SourceDate "2010.11.26"]
[SourceVersion "1"]
[SourceVersionDate "2010.11.26"]
[SourceQuality "1"]

1. d4 Nf6 2. c4 g6 3. Nc3 Bg7 4. e4 d6 5. f3 0-0 6. Be3 e5 7. d5 c6 8. Qd2 cxd5 9. Nxd5 Nxd5 10. cxd5 Nd7 11. Ne2 f5 12. Nc3 Nf6 13. Be2 f4 14. Bf2 Bd7 15. 0-0-0 a6 16. Kb1 b5 17. Bd3 Qb8 18. Rc1 Ne8 19. Ne2 a5 20. h4 b4 21. Ng1 Nc7 22. Ne2 Nb5 23. Rcg1 Rc8 24. Rc1 Qb7 25. Rxc8+ Rxc8 26. Rc1 Rxc1+ 27. Qxc1 Bf6 28. Qd2 Bd8 29. g3 fxg3 30. Bxg3 Kg7 31. f4 Bf6 32. h5 Bg4 33. fxe5 dxe5 34. h6+ Kf7 35. Bf2 Nd6 36. Be3 Qc7 37. Nc1 Bd8 38. Qf2+ Kg8 39. Nb3 Nc4 40. Bc5 Nd6 41. Nxa5 Bg5 42. Nc6 Nf7 43. Bxb4 Bxh6 44. Qc5 Kh8 45. a4 Bc8 46. d6 Qd7 47. Bc3 Qg4 48. Nxe5 Qd1+ 49. Ka2 Qxa4+ 50. Qa3 Qxa3+ 51. bxa3 Be6+ 52. Kb2 Kg7 53. Nxf7+ Kxf7 54. a4 Be3 55. Bb5 Bb6 56. a5 Bd8 57. a6 Bb6 58. Ba5 Bd4+ 59. Kc2 Ba7 60. d7 Bxd7 61. Bxd7 Ke7 62. Bc8 Kd6 63. Bc3 Kc7 64. Bb7 h5 65. Be5+ Kd7 66. Bf6 Ke6 67. e5 Kd7 68. Bd5 Bc5 69. e6+ 1-0

[Event "Tarnowskie Gory Piasta Memorial 5th"]
[Site "Tarnowskie Gory"]
[Date "2007.07.28"]
[Round "2"]
[White "Banasik, Henryk"]
[Black "Ociepka, Tomasz"]
[Result "1-0"]
[WhiteElo "2114"]
[BlackElo "1904"]
[PlyCount "63"]
[EventDate "2007.07.28"]
[EventType "swiss"]
[EventRounds "10"]
[EventCountry "POL"]
[SourceTitle "EXT 2011"]
[Source "ChessBase"]
[SourceDate "2010.11.26"]
[SourceVersion "1"]
[SourceVersionDate "2010.11.26"]
[SourceQuality "1"]

1. e4 c5 2. Nf3 a6 3. c4 Nc6 4. d4 cxd4 5. Nxd4 e5 6. Nf5 d6 7. Nc3 Nf6 8. Bg5 Bxf5 9. exf5 Be7 10. Be3 0-0 11. g4 Nd7 12. Bg2 Bg5 13. h4 Bxe3 14. fxe3 Qb6 15. Qd2 Rac8 16. Nd5 Qa7 17. f6 Nxf6 18. Nxf6+ gxf6 19. 0-0 Ne7 20. b3 b5 21. cxb5 axb5 22. Rae1 Qd7 23. Bh3 h5 24. Rxf6 hxg4 25. Qg2 Ng6 26. Bxg4 Qe7 27. Ref1 Qa7 28. Qe4 Rc3 29. Be6 Rxe3 30. Qxg6+ Kh8 31. Qh6+ Kg8 32. Rg6# 1-0